00269nam a2200109Ia 4500008004100000082001600041100001500057245002900072260003500101300000800136650001500144191201s1976 xx 000 0 und d a677.21bCLP aCLEGG, J K 0aPractical Cotton Carding aN.DelhibMahajan Brotherc1976 a123 aB.Tech(TE)